| 000 | 00528nam a2200145Ia 4500 | ||
|---|---|---|---|
| 008 | 170221s9999 xx 000 0 und d | ||
| 100 | _aRuzlan Md-Ali | ||
| 245 | _aPublic University Educators’ Understanding and Conception of Soft Skills for Educators | ||
| 245 | _cRuzlan Md-Ali, Fuziah Shaffie, Fahainis Mohd Yusof | ||
| 260 | _bInternational Review of Management and Marketing | ||
| 260 | _cFebruary 2013 | ||
| 300 | _a2:1 | ||
| 650 | _xMarketing. | ||
| 856 | _uhttp://www.econjournals.com/index.php/irmm/issue/view/91 | ||
| 999 |
_c310326 _d310326 |
||